000 00590nam a2200181 a 4500
001 000297260
003 AM-YeHGA
005 20250617130023.0
008 031224s1969 ||| 000 | arm d
040 _aAM-YeHGA
041 0 _aarm
100 1 _aՍիսլեան, Վեր. Գ.
245 1 0 _aՅոբ :
_bՈղբերգութիւն : (3 արար) /
_cՎեր. Գ. Սիսլեան.
260 _aՊէյրութ :
_bտպ. Կ. Տօնիկեան եւ որդիք,
_c1969.
300 _a70 էջ ;
_c22 սմ.
650 1 4 _aՀայ գրականություն
_xԹատերգություն
090 _c110481
999 _c109149
_d109149